000 00637nam a2200193 i 4500
001 49264
003 ES-MaACL
005 20250829070140.0
007 t|
008 030711s1958 sp ||||1| spa d
100 1 _aCortejoso Villanueva, Leopoldo.
_940841
245 1 0 _aTuberculosos célebres
_b: grandes personalidades forjadas por la tuberculosis /
_cLeopoldo Cortejoso Villanueva.
260 _aBarcelona :
_bMateu,
_c[1958] (
_fDiamante)
300 _a686 p., 145 lám. :
_bil. ;
_c25 cm.
490 1 _aColección Keops
830 0 0 _aColección Keops
_9181983
852 _aES-MaACL
_jC-14328
_bR.42312
999 _c49264
_d49264